La virgen en el templo honrando el templo, virtudes heróicas que ejército María Santísima Señora Nuestra mientras vivió en el templo

Detalles Bibliográficos
Autor principal: TERCERO, José
Formato: Libro
Publicado: Sevilla
Edición:2a. imp.
Materias:
Colección:Banco de datos
Acervo:Biblioteca del Convento de Santa Mónica de la Ciudad de Puebla. Puebla
Tema general:Mariología
Notas:Buena. B7, 16.
LEADER 00714nam a22002050004500
035 |a 51155 
036 |a 923 
100 1 |a TERCERO, José 
245 1 0 |a La virgen en el templo honrando el templo, virtudes heróicas que ejército María Santísima Señora Nuestra mientras vivió en el templo 
250 |a 2a. imp. 
260 |a Sevilla  |b imp. José Padrino 
500 |a Buena. B7, 16. 
650 1 0 |a Mariología 
949 |a CRP 
959 |a Ex convento de Santa Mónica. Puebla, Puebla  |b CCC5 
960 |a Convento de Santa Mónica de la ciudad de Puebla  |b DD88 
961 |a Franciscana  |b OF 
942 |c CRP-SM 
943 |g Biblioteca del Convento de Santa Mónica de la Ciudad de Puebla. Puebla 
999 |c 961493  |d 961493